|
|
|
|
| LEADER |
01214nam a2200313 a 4500 |
| 001 |
AAL2931 |
| 003 |
BD-DhAAL |
| 005 |
20160210173853.0 |
| 008 |
150129s1997 nyub b 001 0 eng |
| 010 |
|
|
|a 94043333
|
| 020 |
|
|
|a 0312125356
|
| 040 |
|
|
|a DLC
|c DLC
|d DLC
|d BD-DhAAL
|
| 050 |
0 |
0 |
|a HC143
|b .M33 1997
|
| 082 |
0 |
0 |
|a 338.7/097286
|2 20
|
| 999 |
|
|
|c 33527
|d 33527
|
| 999 |
|
|
|c 33527
|
| 100 |
1 |
|
|a Macdonald, Laura,
|d 1960-
|9 7608
|
| 245 |
1 |
0 |
|a Supporting civil society :
|b the political role of non-governmental organizations in Central America /
|c Laura Macdonald.
|
| 260 |
|
|
|a New York, N.Y. :
|b St. Martin's Press,
|c 1997.
|
| 300 |
|
|
|a xv, 195 p. :
|b map ;
|c 22 cm.
|
| 440 |
|
0 |
|a International political economy series
|9 7609
|
| 504 |
|
|
|a Includes bibliographical references (p. 177-188) and index.
|
| 541 |
|
|
|e 2931
|
| 650 |
|
0 |
|a Non-governmental organizations
|z Costa Rica.
|9 7610
|
| 650 |
|
0 |
|a Non-governmental organizations
|z Nicaragua.
|9 7611
|
| 650 |
|
0 |
|a Civil society
|z Costa Rica.
|9 7612
|
| 650 |
|
0 |
|a Civil society
|z Nicaragua.
|9 7613
|
| 942 |
|
|
|2 ddc
|c BK
|
| 952 |
|
|
|0 0
|1 0
|2 ddc
|4 0
|6 338_709728600000000_MAC
|7 0
|9 52371
|a SCL
|b SCL
|c GEN
|d 2015-01-29
|l 0
|o 338.7097286 MAC
|p 3020002931
|r 2015-01-29
|t 1
|w 2015-01-29
|y BK
|